ნორმალური ფორმატი
MARC ფორმატი
ჩანაწერი Personal Name
ჩანაწერთა რაოდენობა, რომელიც გამოყენებულია: 5
001 - CONTROL NUMBER
- control field: 26110
003 - CONTROL NUMBER IDENTIFIER
- control field: GE_BSU
005 - DATE AND TIME OF LATEST TRANSACTION
- control field: 20251024202943.0
008 - FIXED-LENGTH DATA ELEMENTS
- fixed length control field: 251024|| aca||aabn | a|a d
040 ## - CATALOGING SOURCE
- Original cataloging agency: GE_BSU
- Transcribing agency: GE_BSU
100 ## - HEADING--PERSONAL NAME
- Personal name: ჭანუყვაძე, გ.
670 ## - SOURCE DATA FOUND
- Source citation: Work cat.: (GE_BSU): ჭანუყვაძე, გ., ბურჟუაზიული პოლიტიკური ეკონომიის კრიტიკა:
